000 004640000a22001810004500
001 10463
020 _a0-915166-64-X
041 0 _aENG
082 0 4 _aG 616.85 P937y
100 1 _aPreston, John (1950-)
245 1 0 _aYou can beat depression / John Preston
260 _aSan Luis Obispo, CA., USA : Impact
300 _a144 Pag
942 _cBK
999 _c40014
_d40014
336 _atexto
_btxt
_2rdacontent
337 _2rdamedia
_asin mediación
_bn
338 _2rdacarrier
_avolumen
_bnc